| 000 | 01494cam a2200313 4500 | ||
|---|---|---|---|
| 001 | L128495 | ||
| 008 | 050112n2005 000 0 eng u | ||
| 020 | _a0421908602 | ||
| 035 | _a(Sirsi) u128495 | ||
| 041 | 0 | _aeng | |
| 050 | 0 | 4 | _a346.4104343 $2 18 |
| 100 | 1 | _aBignell, Janet | |
| 245 | 0 | 0 | _aLewison's drafting business leases |
| 250 | _a7th ed. | ||
| 260 |
_aLondon _bSweet and Maxwell _c2005 |
||
| 300 |
_axlvii, 467p. _c24cm. |
||
| 350 | _a98 | ||
| 505 | 0 | _aThe interpretation of leases -- Formal requirements and registered leases -- Description of property -- Parties and covenants -- The term of the lease -- Rent and rent review -- Insurance and service charges -- Repairs and improvements -- Use of the demised property -- Assignment and subletting -- Statutory protection -- The liability of sureties | |
| 520 | _aDiscusses landlords' and tenants' concerns and their bargaining positions, and the contentious issues that arise on preparing a business lease. Discusses the new Land Registry prescribed clauses, the impact of Stamp Duty Land Tax on lease terms and recent developments in case law and drafting. | ||
| 590 | _aKA | ||
| 650 | 2 | 4 | _aLAND REGISTRATION ACT 2002 |
| 650 | 2 | 4 | _aLANDLORD AND TENANTS (COVENANTS) ACT 1995 |
| 650 | 2 | 4 | _aTOWN AND COUNTRY PLANNING ACT 1990 |
| 650 | 2 | 4 | _aLANDLORD AND TENANT ACT 1954 |
| 650 | 2 | 4 | _aSTAMP DUTY LAND TAX |
| 651 | 4 |
_aEngland and Wales _y1543- |
|
| 690 | _aLANDLORD AND TENANT-BUSINESS TENANCIES | ||
| 942 | _n0 | ||
| 999 |
_c103933 _d103933 |
||